Effect of financial innovations on performance of the banking sector in Kenya: a case of Kenya Commercial Bank /

Đã lưu trong:
Chi tiết về thư mục
Tác giả chính: MUema , Dennis Mutunga
Định dạng: Sách
Ngôn ngữ:Tiếng Anh
Được phát hành: Nairobi Daystar University 2019
Những chủ đề:
Các nhãn: Thêm thẻ
Không có thẻ, Là người đầu tiên thẻ bản ghi này!

MARC

LEADER 00000nam a22000007a 4500
003 KE-NaDUL
005 20191007095014.0
008 191007b xxu||||| |||| 00| 0 eng d
952 |0 0  |1 0  |2 lcc  |4 0  |6 THE S HG02974.K00004M00084 02019  |7 0  |8 AFR  |9 127742  |a DUN  |b DUN  |c AFR  |d 2019-10-07  |e Daystar University  |g 2500.00  |l 0  |o THES HG2974.K4M84 2019  |p BK0107851  |r 2019-10-07 00:00:00  |w 2019-10-07  |x 107851  |y THES 
999 |c 200340  |d 200340 
040 |a DUL  |c DUL  |d jkimani 
100 |a MUema , Dennis Mutunga  |9 8281 
245 |a Effect of financial innovations on performance of the banking sector in Kenya:  |b a case of Kenya Commercial Bank /  |c Dennis Mutunga Muema 
260 |a Nairobi  |b Daystar University  |c 2019 
300 |a x, 79 p. 
504 |a Includes bibliographical references 
650 |a Banks and banking -- Technological innovations  |9 8282 
942 |2 lcc  |c THES  |h HG2974  |i .K4M84  |k THES  |m 2019  |6 HG2974 K4 M84